LEADER 01270nam 2200349Ia 450 001 996389470703316 005 20221107212514.0 035 $a(CKB)1000000000639512 035 $a(EEBO)2240873814 035 $a(OCoLC)52614550 035 $a(EXLCZ)991000000000639512 100 $a20030715d1688 uy 0 101 0 $aeng 135 $aurbn||||a|bb| 200 10$aTo his grace, his Majesties High Commissioner, and the right honourable the Estates of Parliament$b[electronic resource] $eThe humble petition of Sir William Campbell 210 $a[Edinburgh$cs.n.$d1688] 215 $a[1] p 300 $aPlace and date of publication from National Library of Scotland. 300 $aCaption title. 300 $aReproduction of original in: National Library of Scotland. 330 $aeebo-0097 606 $aOld age pensions$zScotland$vEarly works to 1800 608 $aBroadsides$zScotland$y17th century.$2rbgenr 615 0$aOld age pensions 700 $aCampbell$b William$cSir.$096337 712 02$aScotland.$bParliament. 801 0$bEAE 801 1$bEAE 906 $aBOOK 912 $a996389470703316 996 $aTo his grace, his Majesties High Commissioner, and the right honourable the Estates of Parliament$92401698 997 $aUNISA LEADER 02810nam 2200625Ia 450 001 9910963924203321 005 20260310194518.0 010 $a90-04-24438-7 024 7 $a10.1163/9789004244382 035 $a(CKB)2550000001046791 035 $a(EBL)1170055 035 $a(SSID)ssj0000862725 035 $a(PQKBManifestationID)11547218 035 $a(PQKBTitleCode)TC0000862725 035 $a(PQKBWorkID)10824267 035 $a(PQKB)10744488 035 $a(MiAaPQ)EBC1170055 035 $z(OCoLC)824530833$z(OCoLC)842394171 035 $a(nllekb)BRILL9789004244382 035 $a(Au-PeEL)EBL1170055 035 $a(CaPaEBR)ebr10686886 035 $a(CaONFJC)MIL478058 035 $a(OCoLC)841914701 035 $a(PPN)170737373 035 $a(EXLCZ)992550000001046791 100 $a20130325d2013 uy 0 101 0 $aeng 135 $aur|n|---||||| 181 $ctxt 182 $cc 183 $acr 200 10$aJerome and the monastic clergy $ea commentary on letter 52 to Nepotian, with introduction, text, and translation /$fby Andrew Cain 210 $aLeiden ;$aBoston $cBrill$d2013 215 $a1 online resource (340 p.) 225 1 $aSupplements to Vigiliae Christianae ;$v119 300 $aDescription based upon print version of record. 311 08$a90-04-23706-2 320 $aIncludes bibliographical references and index. 327 $aFront Matter -- Introduction -- References -- Text and Translation -- Commentary -- Bibliography of Ancient Authors -- Indexes. 330 $aIn Jerome and the Monastic Clergy , Andrew Cain provides the first full-scale commentary on the famous Letter to Nepotian, in which Jerome articulates his radical plan for imposing a strict ascetic code of conduct on the contemporary clergy. Cain comprehensively addresses stylistic, literary, historical, text-critical and other issues of interpretive interest. Accompanying the commentary is an introduction which situates the Letter in the broader context of its author?s life and work and exposes its fundamental propagandistic dimensions. The revised critical Latin text and the new facing-page translation will make the Letter more accessible than ever before and will provide a reliable textual apparatus for future scholarship on this key writing by one of the most prolific authors in Latin antiquity. 410 0$aSupplements to Vigiliae Christianae ;$v119. 606 $aClergy 606 $aMonks 615 0$aClergy. 615 0$aMonks. 676 $a271.009/015 700 $aCain$b Andrew$0476535 701 $aJerome$cSaint,$f-419 or 420.$0187193 801 0$bMiAaPQ 801 1$bMiAaPQ 801 2$bMiAaPQ 906 $aBOOK 912 $a9910963924203321 996 $aJerome and the monastic clergy$94551214 997 $aUNINA